[Event "DMP Ekstraliga 2020"]
[Site "Krakow"]
[Date "2020.08.26"]
[Round "1.30"]
[White "Bulmaga, Irina"]
[Black "Majdan, Joanna"]
[Result "0-1"]
[WhiteElo "2434"]
[BlackElo "2325"]
[Annotator "TA"]
[PlyCount "68"]
[EventDate "2020.08.26"]
[EventType "team-tourn"]
[EventCountry "POL"]
[SourceTitle "playchess.com"]
[Source "ChessBase"]
[SourceQuality "1"]

{[%evp 11,68,27,31,22,17,13,14,-10,-9,-26,-22,-22,-14,-26,-28,-24,-25,-16,-25,-55,-55,-53,-62,-48,-52,-52,-60,-50,-52,-89,-89,-83,-83,-83,-83,-91,-72,-121,-66,-84,-84,-29989,-29990,-29990,-29991,-29993,-29990,-29994,-1243,-29993,-1243,-1096,-1081,-1079,-1072,-1397,-1092,-12833,-10885]} 1. e4 c5 2. Nf3 d6 3. d4 cxd4 4. Nxd4 Nf6 5. Nc3 Bd7 6. Bg5 e6 7. Ndb5 {B56: Classical Sicilian: Unusual Lines.} Bxb5 $1 {[%mdl 4] [#] is more profitable than 7...Bc6 at the moment.} 8. Nxb5 $146 ({Predecessor:} 8. Bxb5+ Nc6 9. Qf3 Be7 10. e5 dxe5 11. Bxc6+ bxc6 12. Qxc6+ Kf8 13. O-O Qc8 14. Qf3 Rb8 {0-1 (45) Vachier Lagrave,M (2780)-Carlsen,M (2872) London 2019}) 8... a6 9. Nc3 {The position is equal.} Nc6 10. Bc4 Be7 11. Bb3 h6 12. Bf4 b5 {[%cal Bb7b5,Bb5b4][%mdl 32]} 13. Qd3 Qc7 14. Rd1 {[%cal Rf4d6]} Ne5 15. Bxe5 dxe5 16. O-O O-O 17. a4 b4 18. Nb1 Rfd8 19. Qe2 Qc6 20. Rxd8+ Rxd8 21. Nd2 Bc5 22. h3 Bd4 $36 {[%mdl 2048] Black has strong initiative.} 23. Rb1 Ba7 24. Re1 Qc5 ({Better is} 24... Rd4 $1 $17 25. Ra1 Qd6) 25. Nf3 Nh5 {Hoping for ...Ng3.} 26. Qxa6 $2 {[%mdl 8192] Now White is beyond hope.} (26. Ra1 $17) 26... Qxf2+ 27. Kh1 {[#]} Rd2 $1 {[%csl Gd2][%cal Rf2g2][%mdl 512]} 28. Rg1 (28. Nxd2 Qxe1+) 28... Ng3+ {[%mdl 64] Double Attack} 29. Kh2 Nxe4 (29... Qxf3 $142 30. Qc8+ {[#]} Kh7 $1 {[%mdl 512]} 31. Qg8+ Kxg8 32. h4 Nxe4 33. Kh1 Qf2 $1 {[%mdl 576] Double Attack} 34. h5 Qxg1#) 30. Kh1 Qg3 (30... Ng3+ $142 31. Kh2 Qxf3 32. Qc8+ Kh7 33. Qg8+ Kxg8 34. h4 h5 35. Kh3 Qg4+ 36. Kh2 Qxh4#) 31. Qxa7 $19 {Black is clearly winning.} Nf2+ 32. Qxf2 Rxf2 33. a5 e4 34. Ne1 Re2 {[%mdl 64] Discovered Attack. Accuracy: White = 58%, Black = 75%.} 0-1

[Event "DMP Ekstraliga 2020"]
[Site "Krakow"]
[Date "2020.03.27"]
[Round "2.1"]
[White "Kryvoruchko, Yuriy"]
[Black "Golubka, Petro"]
[Result "1-0"]
[WhiteElo "2682"]
[BlackElo "2495"]
[Annotator "TA"]
[PlyCount "115"]
[EventDate "2020.08.26"]
[EventType "team-tourn"]
[EventCountry "POL"]
[SourceTitle "playchess.com"]
[Source "ChessBase"]
[SourceQuality "1"]

{[%evp 14,115,20,14,36,27,39,22,14,12,25,20,38,0,16,13,23,35,28,29,18,18,21,16,34,28,56,58,66,25,37,29,37,43,63,4,23,16,27,0,9,-110,11,4,0,0,0,0,0,0,5,5,15,0,9,0,0,0,0,0,0,0,24,29,27,39,274,260,252,144,247,223,235,247,318,80,83,78,85,81,83,81,87,91,92,102,320,316,316,326,428,427,803,510,468,442,1174,1233,987,554,527,511,2506,2135]} 1. e4 c5 2. Nf3 e6 3. d4 cxd4 4. Nxd4 Nc6 5. Nc3 Qc7 6. Be3 a6 7. Qd2 {7.Qf3 gains popularity.} Nf6 8. O-O-O Be7 {B48: Sicilian: Taimanov: 5 Nc3 Qc7 6 Be3 a6 without Be2.} 9. f3 b5 10. Nxc6 dxc6 {The position is equal.} 11. g4 e5 12. h4 {12.Qf2 is not played anymore.} Be6 13. Qf2 (13. Bh3 {seems wilder.} Rd8 14. Qh2 Nd7 15. Kb1 O-O 16. g5) 13... Rd8 14. Rxd8+ Qxd8 15. Bh3 Nd7 16. g5 Bxh3 17. Rxh3 Nf8 18. Qg3 {[#]} Qd7 $146 ({Predecessor:} 18... Qc7 19. Nd1 a5 20. f4 Ng6 21. f5 Nf4 22. Rh2 f6 23. gxf6 Bxf6 24. Qf3 O-O {½-½ (41) Relyea,A (2236)-Zuev,K (2367) ICCF email 2017}) 19. Rh1 Qe6 20. Kb1 Nd7 21. Qf2 O-O 22. Ne2 f6 23. Ng3 g6 24. h5 (24. Qh2 $14) 24... fxg5 $11 25. hxg6 hxg6 26. Rh6 Rd8 27. Nf5 {[#]} (27. Bc1 $11 {keeps the balance.}) 27... Nf8 ({Black should play} 27... Bf8 $1 $17 28. Qh2 Bxh6 29. Qxh6 Qf7 30. Qxg5 Qf6) 28. Nxe7+ Qxe7 29. Qg1 Kg7 $1 {[%cal Rg7h6]} 30. Rh1 Ne6 $1 31. Qh2 Nf4 32. Qh6+ Kf7 33. b3 Qf6 34. Qh2 Ne6 35. Qh7+ Qg7 36. Qh3 Qf6 37. Bc1 Nf4 38. Qg4 Kg7 39. Qg1 Ne6 $2 (39... Qe7 $14) 40. Qa7+ $18 Kg8 41. Qh7+ Kf8 {[#]} 42. Qb7 $1 c5 43. Qxa6 b4 44. Kb2 $2 (44. a4 $18 {is more deadly.}) 44... Qe7 $16 45. Qe2 Kg7 46. Qh2 Kf6 47. Rg1 Ra8 {[#]} 48. Bxg5+ $1 {[%mdl 512]} Nxg5 49. Qh6 $36 {[%mdl 2048] Black is under strong pressure.} Kf7 $2 (49... Qd6 $16 {was necessary.} 50. Qxg5+ Kg7) 50. Rxg5 $18 {[%mdl 4096] Endgame KQR-KQR} Rg8 51. Rg2 Qf6 52. Rd2 {White is clearly winning.} Qc6 (52... Qe6 $142 53. Rd5 Rc8) 53. Qh7+ Rg7 54. Qh3 Ke8 (54... Qe8 $142 55. Rd5 Kg8 56. Rxc5 Rd7) 55. Qh8+ {[%mdl 64] Double Attack} Kf7 56. Qd8 Ke6 57. Rd5 c4 (57... Re7 $142 58. Qg8+ {[%mdl 64] Double Attack} Kf6 59. Qf8+ Ke6) 58. bxc4 {Accuracy: White = 77%, Black = 69%.} 1-0

[Event "DMP Ekstraliga 2020"]
[Site "Krakow"]
[Date "2020.03.27"]
[Round "2.2"]
[White "Pultinevicius, Paulius"]
[Black "Bluebaum, Matthias"]
[Result "1/2-1/2"]
[WhiteElo "2519"]
[BlackElo "2647"]
[Annotator "TA"]
[PlyCount "188"]
[EventDate "2020.08.26"]
[EventType "team-tourn"]
[EventCountry "POL"]
[SourceTitle "playchess.com"]
[Source "ChessBase"]
[SourceQuality "1"]

{[%evp 9,188,4,12,0,14,0,10,17,16,10,28,14,33,18,38,20,12,13,12,20,21,19,20,19,20,29,30,17,25,25,44,49,73,79,77,28,18,29,33,0,0,0,18,18,20,12,56,6,12,12,18,0,76,58,72,77,70,49,51,65,59,48,52,47,43,46,73,52,106,57,69,70,48,29,41,0,0,0,0,0,7,2,12,0,0,0,0,0,0,0,0,0,0,0,138,145,158,149,36,0,0,0,0,0,0,-46,0,0,0,-123,0,0,0,0,0,0,0,0,0,0,0,0,0,0,248,248,248,248,248,247,240,8,8,0,0,0,343,240,240,240,240,240,240,240,962,947,922,914,895,852,677,0,0,0,0,0,0,0,0,0,0,0,0,0,0,0,0,0,0,0,0,0,0,0,0,0,0,0,0,0,0]} 1. c4 e6 2. Nf3 d5 3. e3 Nf6 4. b3 b6 5. Bb2 Bd6 6. Nc3 {A13: English Opening: 1...e6.} a6 7. Qc2 {[#]} dxc4 $146 ({Predecessor:} 7... Bb7 8. cxd5 exd5 9. d4 Nbd7 10. g3 Qe7 11. Bg2 O-O 12. O-O Rfe8 13. Ne2 Rac8 {1-0 (44) Petrosyan,M (2581)-Haldorsen,B (2461) Manavgat 2018}) 8. bxc4 c5 9. Ne4 Be7 10. Ne5 h6 11. Be2 Bb7 12. Bf3 {And now Nxf6+ would win.} Qc7 13. Qa4+ Kf8 14. Qc2 Nc6 15. Nxc6 Bxc6 16. Rb1 Qb7 {[%cal Rf6e4]} 17. Nxf6 Bxf6 18. Bxc6 Qxc6 19. O-O Ke7 20. d4 Rhd8 {[%cal Rc5d4]} 21. Ba3 Rab8 22. Rb3 Ke8 23. Qh7 {Hoping for Bxc5!} cxd4 24. exd4 Bxd4 25. Rf3 f5 26. Re1 Kd7 27. Qg6 $36 {[%mdl 2048] White is pushing.} e5 28. Qxf5+ Kc7 $1 29. Rg3 (29. Rxe5 Bxe5 30. Qxe5+ Kc8 $17) 29... g5 30. h4 Rb7 (30... Rd7 $11) 31. hxg5 $16 hxg5 32. Be7 ({Reject} 32. Rxg5 $6 Kb8 $11) 32... Re8 33. Bxg5 Kb8 34. Be3 Qxc4 35. Bxd4 Qxd4 36. Rge3 {[%cal Re3e5]} Rbe7 37. Rd3 Qc5 38. Red1 Rc7 (38... Qc8 $14 39. Qe4 Ka7) 39. Qe4 Ka7 40. Rd7 Re7 41. Rxc7+ Rxc7 $14 {[%mdl 4096] Endgame KQR-KQR} 42. Re1 Rf7 43. Qe3 Qc2 44. Qe2 Qc5 45. Qb2 Re7 46. Re4 a5 47. Qd2 Rh7 48. Qe1 Qc2 49. Rxe5 Qxa2 50. f4 Rg7 {[%csl Gg7][%cal Ra2g2]} 51. Qe4 a4 (51... Qa3 $11) 52. Re8 $16 {[%csl Ge4][%cal Re8a8]} Rb7 53. Kh2 Qb3 54. Rh8 Qb5 55. Qc2 {Qc8 is the strong threat.} Qd7 56. Qc4 Rc7 57. Qg8 {[%csl Gh8][%cal Rg8a8]} Qc6 58. Qf8 Ka6 59. Rh6 (59. Qa8+ $11 Qxa8 60. Rxa8+ Ra7 61. Rxa7+ Kxa7 62. f5) 59... Qc5 (59... Rc8 $1 $17 60. Qg7 Qe4) 60. Qa8+ $11 Ra7 61. Qe4 Ka5 62. Qe1+ Ka6 63. Qe4 Ka5 64. Qe8 b5 65. Qd8+ Kb4 $1 66. Rh3 a3 $2 (66... Qf2 $1 $11 {and Black is okay.} 67. Qd6+ Ka5) 67. Qd3 $18 Ka5 ({But not} 67... Qc4 $2 68. Qd6+ Qc5 69. Rb3+ $1 {[%mdl 512]} Kxb3 70. Qxc5 $18) 68. Qxa3+ Qxa3 69. Rxa3+ {KR-KR} Kb6 70. Rb3 $2 (70. Rxa7 $18 {White threatens Ra1 and mate.} Kxa7 71. f5) 70... Kc5 $11 71. Kg3 b4 {Threatens to win with ...Ra3.} 72. Rb1 Kc4 $2 {[%mdl 8192] [#]} (72... Rb7 $11 {and Black has nothing to worry.}) 73. f5 $1 $18 b3 74. Kf4 Kc3 75. f6 {aiming for g4.} Kc2 76. Rf1 b2 $2 (76... Rb7 77. g4 b2) 77. Rf2+ Kc3 {[#]} 78. Rxb2 $3 {[%mdl 512]} Kxb2 {KR-KPP} 79. g4 Kc3 80. Ke4 $2 (80. g5 $18) 80... Ra4+ $1 $11 {The position is equal.} 81. Ke5 Ra5+ 82. Ke6 {Black must now prevent f7.} Ra6+ 83. Kf5 Kd4 84. f7 Ra5+ 85. Kf6 Ra6+ $1 86. Kf5 Ra5+ 87. Kg6 Ra6+ 88. Kg5 Ra5+ 89. Kh6 Ra6+ 90. Kg7 Ra8 91. g5 Ke5 92. g6 Kf5 93. f8=Q+ Rxf8 94. Kxf8 {Threatening mate with g7.} Kxg6 {Black escapes into a draw. Accuracy: White = 86%, Black = 84%.} 1/2-1/2

[Event "DMP Ekstraliga 2020"]
[Site "Krakow"]
[Date "2020.03.27"]
[Round "2.3"]
[White "Piorun, Kacper"]
[Black "Warakomski, Tomasz"]
[Result "1/2-1/2"]
[WhiteElo "2596"]
[BlackElo "2515"]
[Annotator "TA"]
[PlyCount "76"]
[EventDate "2020.08.26"]
[EventType "team-tourn"]
[EventCountry "POL"]
[SourceTitle "playchess.com"]
[Source "ChessBase"]
[SourceQuality "1"]

{[%evp 14,76,29,18,32,10,15,19,13,5,6,19,12,4,45,39,33,24,25,0,18,7,0,0,44,15,9,0,25,23,8,16,41,8,15,8,11,0,0,-24,-31,-21,-25,-22,-22,-31,-18,-27,-24,-19,-22,-25,-8,-6,-2,-2,-2,-4,-2,-2,0,0,0,-4,-4]} 1. e4 e5 2. Nf3 Nc6 3. Bb5 Nf6 4. d3 d6 5. c3 g6 6. O-O Bg7 7. Nbd2 O-O 8. Re1 Re8 {C66: Ruy Lopez: Steinitz Defence.} 9. Nf1 a6 10. Ba4 h6 11. Ng3 b5 12. Bc2 d5 13. a4 {And now exd5 would win.} Rb8 14. axb5 axb5 {[#]} 15. exd5 $146 ({Predecessor:} 15. h3 Be6 16. Ra6 Qd7 17. Bd2 Ra8 18. Qa1 Qc8 19. Rxa8 Qxa8 20. exd5 Nxd5 21. Ne4 {½-½ (49) Player,E (2239)-Boino,C (2066) Hastings 2016}) 15... Nxd5 16. Bb3 b4 17. Ne4 bxc3 18. bxc3 Kh8 19. Ba4 Bd7 20. Bd2 Nb6 21. Nc5 Nxa4 22. Qxa4 Qe7 23. Be3 Rbd8 24. Qc4 Bc8 25. Qb5 Qd6 26. d4 exd4 27. Nxd4 Nxd4 28. cxd4 Kh7 29. Qc4 Qd5 30. Qxd5 Rxd5 31. h3 g5 32. Rec1 f5 {[#] ...f4 is the strong threat.} 33. Na6 {The position is equal.} Bxa6 34. Rxa6 f4 35. Bd2 Rxd4 36. Ba5 $1 Re7 37. Bxc7 Rd2 38. Rac6 Bb2 {Accuracy: White = 89%, Black = 87%.} 1/2-1/2

[Event "DMP Ekstraliga 2020"]
[Site "Krakow"]
[Date "2020.03.27"]
[Round "2.4"]
[White "Grabarczyk, Miroslaw"]
[Black "Kanarek, Marcel"]
[Result "0-1"]
[WhiteElo "2368"]
[BlackElo "2488"]
[Annotator "TA"]
[PlyCount "114"]
[EventDate "2020.08.26"]
[EventType "team-tourn"]
[EventCountry "POL"]
[SourceTitle "playchess.com"]
[Source "ChessBase"]
[SourceQuality "1"]

{[%evp 17,114,26,23,5,24,20,20,24,35,18,43,64,51,-1,0,-8,-2,-2,0,0,0,0,0,0,0,0,0,-10,-8,-7,0,-4,8,-28,-47,-55,-53,-64,-59,-60,-62,-58,-58,-50,-57,-45,-35,-51,-52,-58,-46,-46,-44,-44,-44,-44,-44,-44,-44,-44,-46,-48,-44,-44,-44,-55,0,-28,-28,-336,-352,-352,-355,-345,-339,-352,-347,-460,-463,-463,-448,-455,-454,-469,-360,-5080,-5065,-2668,-3212,-5397,-5385,-29978,-29979,-29979,-29980,-29985,-29986,-29990,-29989]} 1. d4 Nf6 2. c4 g6 3. Nf3 Bg7 4. g3 O-O 5. Bg2 d6 6. Nc3 c6 7. O-O Qa5 8. e4 e5 9. dxe5 dxe5 10. Rb1 {E62: King's Indian: Fianchetto: 6...c6 and Panno Variation (6...Nc6) without ...a6.} Nbd7 {[%cal Bb8d7,Bd7f8,Bf8e6][%mdl 32]} 11. Qc2 Re8 12. h3 {The position is equal.} Nf8 13. Be3 {[#]} Nh5 $146 ({Predecessor:} 13... Be6 14. b3 Rad8 15. Rfd1 Bc8 16. b4 Rxd1+ 17. Qxd1 Qc7 18. Qa4 b6 19. Bf1 Ne6 {½-½ (60) Wenner,T (2095)-Schelle,A (2196) Lambsheim 2017}) 14. b4 Qc7 15. Nh4 (15. Rfd1 $14) 15... Ne6 $11 16. Ne2 a5 17. a3 axb4 18. axb4 Nd4 19. Bxd4 exd4 20. Rfd1 Bf6 21. Nf3 Rxe4 $1 {Strongly threatening ...Bf5.} 22. Nexd4 ({Reject} 22. Qxe4 Bf5 $17) 22... Re8 23. c5 Bd7 24. b5 Qc8 25. Kh2 cxb5 {[%mdl 64] Overworked Piece} 26. Nxb5 {And now Nd6 would win.} Bf5 {[%mdl 64] Skewer} 27. Qc1 $1 {Nd6 is the strong threat.} Bxb1 28. Nd6 Qc7 29. Nxe8 Rxe8 30. Qxb1 Qxc5 31. Qa2 Qc7 32. Rb1 b6 33. Rb4 Rc8 34. Nd2 Be7 35. Rc4 Qd7 36. Rxc8+ Qxc8 37. Bd5 Qf5 38. Ne4 Kg7 39. Kg2 Qe5 40. Nd2 Bc5 41. Ne4 Be7 42. Nd2 Qf6 43. Qb3 $2 {[%mdl 8192] [#] Loses the game.} (43. Bb3 $11) 43... Qg5 $1 $19 44. Bxf7 Qxd2 45. Bg8 {[#] aiming for Qf7+.} Kh8 $1 46. Qf7 {[%csl Gg8][%cal Rf7h7]} Ng7 {White must now prevent ...Qd8.} 47. Bxh7 Kxh7 48. Qxe7 Qd5+ 49. Kg1 b5 {[%cal Bb6b5,Bb5b4,Bb4b3,Bb3b2][%mdl 32]} 50. g4 Qe6 51. Qb7 $2 (51. Qh4+ Kg8 52. Qd8+ Ne8 53. Qd4) 51... Qe1+ 52. Kg2 b4 53. h4 Qb1 54. g5 b3 {Black mates.} 55. h5 gxh5 56. Qb6 b2 57. Kh2 {[#]} Qc2 $1 {Accuracy: White = 71%, Black = 93%.} 0-1

[Event "DMP Ekstraliga 2020"]
[Site "Krakow"]
[Date "2020.03.27"]
[Round "2.5"]
[White "Janik, Igor"]
[Black "Sabuk, Piotr"]
[Result "1-0"]
[WhiteElo "2471"]
[BlackElo "2377"]
[Annotator "TA"]
[PlyCount "137"]
[EventDate "2020.08.26"]
[EventType "team-tourn"]
[EventCountry "POL"]
[SourceTitle "playchess.com"]
[Source "ChessBase"]
[SourceQuality "1"]

{[%evp 17,137,0,0,0,0,0,0,-10,4,8,8,18,69,64,62,-13,77,60,54,53,45,44,87,88,107,112,162,153,216,215,229,169,178,173,189,160,178,162,157,106,106,106,106,106,104,95,95,49,61,58,45,39,47,14,15,15,33,16,169,0,154,0,56,26,198,192,334,365,433,422,408,386,500,456,613,595,566,531,986,912,608,556,358,350,855,729,709,672,700,682,652,638,608,583,570,491,570,537,988,986,935,935,835,827,1074,1066,985,1043,974,963,1139,1123,1075,1065,1259,1259,1150,1076,1591,1302,1112,1035]} 1. e4 e5 2. Nf3 Nc6 3. Bc4 Bc5 4. c3 Nf6 5. d4 exd4 6. e5 d5 7. Bb5 Ne4 8. cxd4 Bb6 9. Nc3 O-O 10. Be3 {C54: Giuoco Piano: 4 c3 Nf6, main lines with 5 d4 and 5 d3.} Bg4 11. h3 Bh5 12. Qc2 {The position is equal.} Bg6 {12...Nxc3 might become the main line.} 13. Qb3 Ne7 14. O-O c5 (14... c6 $11 15. Bd3 Nd2 16. Nxd2 Bxd3) 15. dxc5 $1 $14 {[#]} Nxc5 $146 ({Predecessor:} 15... Bxc5 16. Nxe4 Bxe3 17. Nf6+ gxf6 18. Qxe3 fxe5 19. Nxe5 d4 20. Qd2 Qd5 21. Nxg6 hxg6 {½-½ (31) Iustin,S (2065)-Stefan,M (1971) Iasi 2018}) 16. Qb4 ({White should try} 16. Bxc5 $14 Bxc5 17. Rad1) 16... Ne6 (16... Nc6 $11 {keeps the balance.} 17. Bxc6 Nd3 18. Bxb6 axb6) 17. Bxb6 $16 axb6 18. Rfd1 Nc6 19. Qg4 h5 20. Qg3 d4 21. Bc4 Bc2 22. Rd2 $1 d3 (22... Ra5 $16 23. Rxc2 dxc3) 23. Nd5 $18 Kh8 24. Bxd3 Bxd3 25. Rxd3 Ne7 26. Nb4 Qc7 27. Qh4 Kg8 28. Nd5 ({Better is} 28. Rdd1) 28... Nxd5 $16 29. Rxd5 Rfd8 30. Rxd8+ Rxd8 31. Qxh5 Qc2 32. b3 Rd1+ $1 33. Rxd1 Qxd1+ 34. Kh2 {Threatens to win with Qh4.} Qe2 35. Qh4 Qxa2 36. b4 $36 {[%mdl 2048] Black is under pressure.} b5 37. Kg3 Qc4 $2 (37... Qc2 $11 {and Black stays safe.}) 38. Qg4 $2 (38. Qxc4 $1 $18 bxc4 39. Ne1) 38... Kf8 $2 (38... Qc2 $11) 39. h4 $2 (39. Qxc4 $1 $16 bxc4 40. Ne1) 39... Ke7 (39... Qd3 $11) 40. h5 b6 $2 {[#] White stays focused until the end.} (40... Qd3 $11) 41. Ng5 $1 $18 {[%cal Rg5e6] Black must now prevent Nxe6.} Qxg4+ (41... Nd8 {is a better defense.} 42. Ne4 Qd4) 42. Kxg4 {[%mdl 4096] Endgame KN-KN} Nd4 43. Ne4 Nc6 {[#]} 44. f4 $1 Nxb4 45. Nc3 Nc6 46. Nxb5 Ke6 47. Kf3 Kd5 48. Nc7+ Kc4 49. Ne8 b5 50. Nxg7 {aiming for h6.} Nd4+ $2 (50... b4 51. h6 b3) 51. Kg4 {Strongly threatening h6.White is clearly winning.} b4 52. h6 {h7 is the strong threat.} b3 53. h7 b2 54. h8=Q b1=Q {intending ...Qg6+.} 55. Qc8+ Kd3 {Black hopes to continue with ...Qb6.} 56. Kg5 Qa2 57. Qh3+ Ke4 58. Nf5 Qf2 59. Ng3+ Kd3 60. Qh7+ Kc4 61. Qxf7+ Kb4 62. Qb7+ Kc4 63. Nh5 Ne6+ 64. Kg4 Nc5 65. Qf3 Qe1 66. Nf6 Qd2 67. g3 Qc2 68. Qd5+ Kb4 69. Kg5 {Accuracy: White = 82%, Black = 46%.} 1-0

[Event "DMP Ekstraliga 2020"]
[Site "Krakow"]
[Date "2020.03.27"]
[Round "2.6"]
[White "Bulmaga, Irina"]
[Black "Antolak, Julia"]
[Result "1-0"]
[WhiteElo "2434"]
[BlackElo "2323"]
[Annotator "TA"]
[PlyCount "75"]
[EventDate "2020.08.26"]
[EventType "team-tourn"]
[EventCountry "POL"]
[SourceTitle "playchess.com"]
[Source "ChessBase"]
[SourceQuality "1"]

{[%evp 16,75,18,22,17,0,55,24,76,52,121,104,134,126,218,246,245,216,421,422,414,376,406,396,407,394,554,540,671,709,731,717,700,713,704,680,672,194,194,202,193,189,208,188,199,196,356,357,2364,2108,29982,29982,29983,29984,29992,29993,29993,29994,29994,29995,29995,29995]} 1. e4 c5 2. Nf3 d6 3. d4 cxd4 4. Nxd4 Nf6 5. Nc3 a6 6. h3 e6 7. g4 h6 8. Bg2 Nc6 9. Be3 Be7 {now scores much better than the old 9...Ne5. B81: Sicilian Scheveningen: Keres Attack.} 10. Qe2 Qc7 ({Better is} 10... Nxd4 $11 11. Bxd4 e5) 11. O-O-O Na5 (11... Nxd4 $11 {keeps the balance.} 12. Bxd4 (12. Rxd4 Nd7 $11) 12... e5) 12. f4 Nd7 {[#]} (12... Rb8 $14) 13. Kb1 $146 ({Predecessor:} 13. g5 hxg5 14. fxg5 Ne5 15. h4 Nac4 16. Bf2 Bd7 17. b3 Na3 18. Kb2 b5 19. Rh3 {0-1 (50) Maksimovic,M (2107)-Hodzic,N (2296) Sarajevo 2019}) 13... Nc4 14. Bc1 Rb8 (14... Ncb6 $16) 15. b3 $18 Na5 16. Bb2 b5 $2 {[#]} (16... Qd8 17. h4 Nc6 18. Nxc6 bxc6) 17. Nf5 $1 {[%mdl 512]} Rg8 (17... exf5 18. Nd5) 18. Nxe7 Kxe7 {[#]} 19. e5 $1 {[%mdl 512]} dxe5 20. fxe5 Rd8 (20... Nc5 {was necessary.} 21. Ne4 Nxe4) 21. Rhf1 Nc6 {[#]} 22. Nd5+ $1 {[%mdl 512]} exd5 23. Bxd5 Rf8 24. e6 Nde5 25. exf7 {Bxc6 is the strong threat.} Be6 26. Rfe1 $2 (26. Bxe6 Kxe6 27. Qe4 Rxf7 28. Qd5+ Ke7 29. Rxf7+ Nxf7 30. Qc5+ (30. Bxg7 Nce5 $18) 30... Nd6 31. Bxg7) 26... Bxd5 27. Rxd5 Kxf7 28. Bxe5 Nxe5 29. Rxe5 Kg8 30. h4 Rf4 $2 (30... Qf7 31. Re7 Qf4) 31. g5 {aiming for gxh6.} hxg5 $2 (31... Qb6 32. Re7 Rbf8) 32. hxg5 {Intending g6 and mate.} Rbf8 33. g6 {White mates.} Rf2 34. Qe4 Qd6 35. Rh5 Rh2 36. Rxh2 Qxh2 37. Qd5+ Kh8 {[#]} 38. Rh1 $1 {Black got outplayed after the opening. Accuracy: White = 87%, Black = 34%.} 1-0